Gaming Quiz

Random Gaming or Grab Bag Quiz

All you need to know about Final Fantasy XIV: ARR & HW Quiz Stats

 Plays Quiz not verified by Sporcle

Score 0/278 Timer 20:00
0 Plays Today
Hint Answer % Correct
Disciples of War & Magic ClassesArcher
93.7%
Disciples of War & Magic JobsWhite Mage
93.7%
Disciples of War & Magic JobsBard
92.9%
Disciples of War & Magic JobsBlack Mage
92.9%
Disciples of War & Magic JobsPaladin
92.7%
Disciples of War & Magic JobsWarrior
92.3%
Disciples of War & Magic JobsSummoner
92.1%
Disciples of War & Magic JobsDragoon
91.9%
Disciples of War & Magic ClassesLancer
91.7%
Disciples of War & Magic JobsScholar
91.7%
Disciples of War & Magic JobsDark Knight
91.2%
Disciples of War & Magic JobsNinja
91.2%
Disciples of War & Magic ClassesMarauder
91%
Disciples of War & Magic ClassesConjurer
90.8%
Disciples of War & Magic ClassesGladiator
90.6%
Disciples of War & Magic ClassesPugilist
90.4%
Disciples of War & Magic ClassesArcanist
90%
Disciples of War & Magic ClassesThaumaturge
89.6%
Disciples of War & Magic JobsMonk
89.6%
Disciples of War & Magic JobsMachinist
89.4%
Disciples of Hand & Land ClassesMiner
89.1%
Disciples of War & Magic ClassesRogue
88.9%
Disciples of War & Magic JobsAstrologian
88.3%
Disciples of Hand & Land ClassesFisher
87.9%
Disciples of Hand & Land ClassesBotanist
87.3%
Disciples of Hand & Land ClassesBlacksmith
86.4%
Disciples of Hand & Land ClassesWeaver
86%
Disciples of Hand & Land ClassesArmorer
84.6%
Disciples of Hand & Land ClassesGoldsmith
84.6%
Regions of ThanalanWestern Thanalan
84.6%
Regions of ThanalanEastern Thanalan
84.6%
Disciples of Hand & Land ClassesAlchemist
83.9%
Regions of ThanalanNorthern Thanalan
83.7%
Regions of ThanalanSouthern Thanalan
83.5%
Disciples of Hand & Land ClassesLeatherworker
82.7%
Disciples of Hand & Land ClassesCulinarian
82.5%
Disciples of Hand & Land ClassesCarpenter
82%
Regions of ThanalanUl'Dah
81.4%
Regions of The Black ShroudNorth Shroud
81.2%
Regions of The Black ShroudEast Shroud
80.4%
Regions of The Black ShroudSouth Shroud
80.4%
Regions of La NosceaLimsa Lominsa
78.1%
Regions of The Black ShroudGridania
77.9%
Full Party Dungeons & RaidsSyrcus Tower
76.2%
TrialsThe Bowl of Embers
76%
Regions of La NosceaEastern La Noscea
75.8%
Regions of La NosceaWestern La Noscea
74.5%
Light Party Dungeons (Lv. 1-49)Sastasha Seagrot
74.3%
Regions of ThanalanCentral Thanalan
74.1%
Beastmen RacesIxali
73.9%
TrialsThe Navel
72.9%
Regions of La NosceaUpper La Noscea
72.6%
TrialsThe Howling Eye
71.4%
Regions of CoerthasIshgard
71.2%
Regions of The Black ShroudCentral Shroud
70.4%
Other RegionsMor Dhona
68.7%
Regions of La NosceaOuter La Noscea
68.5%
Regions of CoerthasCoerthas Central Highlands
68.5%
Beastmen RacesSahagin
67.8%
Regions of CoerthasCoerthas Western Highlands
66.9%
Regions of Abalathia's SpineThe Sea of Clouds
66%
Light Party Dungeons (Lv. 1-49)Tam-Tara Deepcroft
65.8%
Light Party Dungeons (Lv. 1-49)Copperbell Mines
65.5%
Regions of La NosceaLower La Noscea
64.9%
Beastmen RacesKobolds
64.9%
Light Party Dungeons (Lv. 1-49)Aurum Vale
64.7%
Regions of DravaniaDravanian Hinterlands
64.6%
TrialsThe Whorleater (Hard)
64.5%
Light Party Dungeons (Lv. 1-49)Stone Vigil
63.5%
Regions of DravaniaDravanian Forelands
63.3%
Beastmen RacesAmalj'aa
62.8%
Regions of La NosceaMiddle La Noscea
62.6%
TrialsThe Striking Tree (Hard)
62.6%
TrialsAkh Afah Amphitheatre (Hard)
62.4%
Types of TomestoneAllagan Tomestone of Poetics
62.2%
Trials (Heavensward)Thok Ast Thok (Hard)
61%
TrialsThe Navel (Extreme)
60.7%
TrialsThe Bowl of Embers (Extreme)
60.1%
Light Party Dungeons (Lv. 1-49)Halatali
59.9%
Light Party Dungeons (Lv. 1-49)Haukke Manor
59.1%
Regions of ThanalanThe Gold Saucer
59.1%
Full Party Dungeons & RaidsThe World of Darkness
58.9%
Light Party Dungeons (Lv. 1-49)Thousand Maws of Toto-Rak
58.5%
Beastmen RacesSylph
58.3%
Full Party Dungeons & RaidsThe Binding Coil of Bahamut - Turn 1
58.3%
TrialsThe Howling Eye (Extreme)
58.3%
Full Party Dungeons & RaidsThe Binding Coil of Bahamut - Turn 2
58%
Full Party Dungeons & RaidsThe Binding Coil of Bahamut - Turn 3
58%
Full Party Dungeons & RaidsThe Binding Coil of Bahamut - Turn 4
58%
Full Party Dungeons & RaidsThe Binding Coil of Bahamut - Turn 5
58%
Trials (Heavensward)The Limitless Blue (Hard)
57%
Regions of DravaniaIdyllshire
56.5%
TrialsThe Bowl of Embers (Hard)
56.2%
Hint Answer % Correct
Full Party Dungeons & RaidsThe Second Coil of Bahamut - Turn 1
56%
Full Party Dungeons & RaidsThe Second Coil of Bahamut - Turn 2
56%
Full Party Dungeons & RaidsThe Second Coil of Bahamut - Turn 3
56%
Full Party Dungeons & RaidsThe Final Coil of Bahamut - Turn 1
56%
TrialsThe Navel (Hard)
56%
Light Party Dungeons (Lv. 51-59)The Vault
55.9%
Light Party Dungeons (Lv. 1-49)Brayflox's Longstop
55.9%
Light Party Dungeons (Lv. 50)Amdapor Keep
55.9%
Full Party Dungeons & RaidsThe Final Coil of Bahamut - Turn 2
55.9%
Full Party Dungeons & RaidsThe Final Coil of Bahamut - Turn 3
55.9%
Full Party Dungeons & RaidsThe Second Coil of Bahamut - Turn 4
55.7%
Full Party Dungeons & RaidsThe Final Coil of Bahamut - Turn 4
55.7%
Regions of DravaniaThe Churning Mists
55.6%
Regions of Abalathia's SpineAzys Lla
55.4%
Full Party Dungeons & RaidsLabyrinth of the Ancients
55.3%
Light Party Dungeons (Lv. 50)Sastasha (Hard)
54.5%
TrialsThe Striking Tree (Extreme)
54.5%
Light Party Dungeons (Lv. 51-59)Dusk Vigil
54.5%
TrialsThornmarch (Hard)
54.1%
TrialsThe Howling Eye (Hard)
53.9%
TrialsThe Whorleater (Extreme)
53.9%
Regions of La NosceaMist
53.4%
Trials (Heavensward)The Singularity Reactor
52.9%
Regions of ThanalanThe Goblet
52.8%
Light Party Dungeons (Lv. 51-59)The Aery
52.5%
Trials (Heavensward)The Final Steps of Faith
52.5%
Regions of The Black ShroudLavender Beds
52.4%
Light Party Dungeons (Lv. 51-59)Sohm Al
52.3%
Light Party Dungeons (Lv. 1-49)Cutter's Cry
52.2%
Beastmen RacesQiqirn
51.8%
TrialsAkh Afah Amphitheatre (Extreme)
51.8%
Light Party Dungeons (Lv. 51-59)The Great Gubal Library
51.6%
Light Party Dungeons (Lv. 50)Copperbell Mines (Hard)
51.1%
Trials (Heavensward)Thok Ast Thok (Extreme)
50.9%
Light Party Dungeons (Lv. 1-49)The Sunken Temple of Qarn
50.7%
Beastmen RacesGoblins
50.5%
Full Party Dungeons & Raids (Heavensward)Alexander - The Fist of the Father
50.2%
Light Party Dungeons (Lv. 1-49)Dzemael Darkhold
49.5%
Patch & Expansion Names3.0 - Heavensward
49.5%
Full Party Dungeons & Raids (Heavensward)Alexander - The Arm of the Father
48.9%
Light Party Dungeons (Lv. 50)The Wanderer's Palace
48.2%
Trials (Heavensward)Containment Bay P1T6
48.1%
Light Party Dungeons (Lv. 50)Haukke Manor (Hard)
47.8%
Light Party Dungeons (Lv. 50)Tam-Tara Deepcroft (Hard)
47.8%
Beastmen RacesGnath
47.4%
TrialsThornmarch (Extreme)
47.4%
Trials (Heavensward)The Limitless Blue (Extreme)
47.3%
Light Party Dungeons (Lv. 50)The Lost City of Amdapor
46.8%
Trials (Heavensward)Containment Bay S1T7
46.6%
Light Party Dungeons (Lv. 50)Pharos Sirius
46.3%
Light Party Dungeons (Lv. 50)Halatali (Hard)
46.3%
Light Party Dungeons (Lv. 50)The Stone Vigil (Hard)
46.1%
Regions of La NosceaWolves' Den Pier
45.9%
Full Party Dungeons & RaidsThe Praetorium
45.9%
Beastmen RacesVanu Vanu
45.8%
Full Party Dungeons & Raids (Heavensward)Alexander - The Cuff of the Father
45.7%
Beastmen RacesMoogles
45.7%
Full Party Dungeons & Raids (Heavensward)Void Ark
45.5%
Light Party Dungeons (Lv. 50)Brayflox's Longstop (Hard)
45.5%
Full Party Dungeons & Raids (Heavensward)Alexander - The Fist of the Son
45.4%
Types of TomestoneAllagan Tomestone of Soldiery
44.3%
Playable Race Clans and FactionsHyur - Highlander
44.3%
Full Party Dungeons & Raids (Heavensward)Alexander - The Burden of the Father
44.1%
Types of TomestoneAllagan Tomestone of Esoterics
44.1%
Full Party Dungeons & Raids (Heavensward)Alexander - The Arm of the Son
43.7%
Playable Race Clans and FactionsHyur - Midlander
43.6%
Full Party Dungeons & Raids (Heavensward)Dun Scaith
43.4%
Beastmen RacesMamool Ja
43.4%
Light Party Dungeons (Lv. 50)Amdapor Keep (Hard)
43.4%
TrialsThe Minstrel's Ballad: Ultima's Bane
42.6%
Trials (Heavensward)The Minstrel's Ballad: Thordan's Reign
42.4%
Light Party Dungeons (Lv. 50)Snowcloak
42%
Patch & Expansion Names2.0 - A Realm Reborn
42%
Types of TomestoneAllagan Tomestone of Lore
41.7%
Full Party Dungeons & Raids (Heavensward)Alexander - The Cuff of the Son
41.5%
Light Party Dungeons (Lv. 50)The Sunken Temple of Qarn (Hard)
41.3%
Types of TomestoneAllagan Tomestone of Law
41.2%
Full Party Dungeons & Raids (Heavensward)The Weeping City of Mhach
41.2%
Light Party Dungeons (Lv. 50)Hullbreaker Isle
40.9%
Full Party Dungeons & RaidsThe Second Coil of Bahamut - Turn 1 (Savage)
40.5%
Full Party Dungeons & RaidsThe Second Coil of Bahamut - Turn 2 (Savage)
40.5%
Full Party Dungeons & RaidsThe Second Coil of Bahamut - Turn 3 (Savage)
40.3%
Full Party Dungeons & RaidsThe Second Coil of Bahamut - Turn 4 (Savage)
40.3%
Full Party Dungeons & Raids (Heavensward)Alexander - The Burden of the Son
39.8%
Full Party Dungeons & Raids (Heavensward)Alexander - The Burden of the Father (Savage)
39.6%
Trials (Heavensward)Containment Bay Z1T9
39.6%
Full Party Dungeons & Raids (Heavensward)Alexander - The Fist of the Father (Savage)
39.4%
Light Party Dungeons (Lv. 50)Wanderer's Palace (Hard)
39.3%
TrialsUrth's Fount
39.3%
TrialsCape Westwind
39%
Trials (Heavensward)Containment Bay S1T7 (Extreme)
38.8%
Playable Race Clans and FactionsMiqo'te - Seekers of the Sun
38.8%
Full Party Dungeons & Raids (Heavensward)Alexander - The Arm of the Father (Savage)
38.7%
Hint Answer % Correct
Light Party Dungeons (Lv. 60)Neverreap
38.3%
Full Party Dungeons & Raids (Heavensward)Alexander - The Cuff of the Father (Savage)
38.3%
Trials (Heavensward)Containment Bay P1T6 (Extreme)
38.2%
Playable Race Clans and FactionsMiqo'te - Keepers of the Moon
38%
TrialsBattle on the Big Bridge
37.8%
Full Party Dungeons & RaidsCastrum Meridianum
37.6%
Coil BossesTurn 5 - Twintania
37.4%
Light Party Dungeons (Lv. 50)The Keeper of the Lake
37.2%
Full Party Dungeons & Raids (Heavensward)Alexander - The Heart of the Creator
36.4%
Trials (Heavensward)The Final Steps of Faith (Extreme)
36.3%
Light Party Dungeons (Lv. 60)The Aetherochemical Research Facility
36.3%
Light Party Dungeons (Lv. 60)The Fractal Continuum
36%
Coil BossesTurn 12 - [[Spoilers]]
35.9%
Full Party Dungeons & Raids (Heavensward)Alexander - The Soul of the Creator
35.9%
TrialsBattle in the Big Keep
35.5%
Beastmen RacesDragonkin
35.3%
Types of TomestoneAllagan Tomestone of Mythology
35.1%
Light Party Dungeons (Lv. 60)The Lost City of Amdapor (Hard)
35%
Full Party Dungeons & Raids (Heavensward)Alexander - The Eyes of the Creator
34.9%
Full Party Dungeons & Raids (Heavensward)Alexander - The Breath of the Creator
34%
Trials (Heavensward)Containment Bay Z1T9 (Extreme)
34%
Coil BossesTurn 13 - [[Spoilers]]
33.6%
Full Party Dungeons & Raids (Heavensward)Alexander - The Fist of the Son (Savage)
33.5%
Full Party Dungeons & Raids (Heavensward)Alexander - The Cuff of the Son (Savage)
33.1%
Light Party Dungeons (Lv. 60)The Antitower
32.9%
Playable Race Clans and FactionsLalafell - Dunesfolk
32.8%
TrialsSteps of Faith
32.8%
Full Party Dungeons & Raids (Heavensward)Alexander - The Burden of the Son (Savage)
32.4%
Full Party Dungeons & Raids (Heavensward)Alexander - The Arm of the Son (Savage)
32%
Playable Race Clans and FactionsRoegadyn - Sea Wolves
31.5%
TrialsThe Chrysalis
31.5%
Types of TomestoneAllagan Tomestone of Scripture
31.3%
Types of TomestoneAllagan Tomestone of Philosophy
31.3%
Coil BossesTurn 9 - [[Spoilers]]
31.3%
TrialsA Relic Reborn: The Chimera
30.9%
Playable Race Clans and FactionsLalafell - Plainsfolk
30.9%
TrialsA Relic Reborn: The Hydra
30.1%
Playable Race Clans and FactionsElezen - Duskwight
29.9%
Playable Race Clans and FactionsAu Ra - Xaela
29.2%
Patch & Expansion Names2.5 - Before the Fall
29.2%
Light Party Dungeons (Lv. 60)Xelphatol
28.6%
Full Party Dungeons & Raids (Heavensward)Alexander - The Soul of the Creator (Savage)
28.2%
Patch & Expansion Names2.4 - Dreams of Ice
27.8%
Full Party Dungeons & Raids (Heavensward)Alexander - The Eyes of the Creator (Savage)
27.8%
Alexander BossesFloor 12 - [[Spoilers]]
27.8%
Light Party Dungeons (Lv. 60)Pharos Sirius (Hard)
27.7%
Full Party Dungeons & Raids (Heavensward)Alexander - The Heart of the Creator (Savage)
27.3%
Coil BossesTurn 6 - Rafflesia
26.9%
Playable Race Clans and FactionsAu Ra - Raen
26.9%
Full Party Dungeons & Raids (Heavensward)Alexander - The Breath of the Creator (Savage)
26.8%
Playable Race Clans and FactionsRoegadyn - Hellsguard
25.7%
Patch & Expansion Names2.1 - A Realm Awoken
25.7%
TrialsThe Dragon's Neck
25.5%
Light Party Dungeons (Lv. 60)Saint Mocianne Arboretum
25%
Light Party Dungeons (Lv. 60)Hullbreaker Isle (Hard)
24.6%
Light Party Dungeons (Lv. 60)The Great Gubal Library (Hard)
24.4%
Playable Race Clans and FactionsElezen - Wildwood
24.4%
Light Party Dungeons (Lv. 60)Sohr Khai
23.9%
Coil BossesTurn 7 - Melusine
22.5%
Coil BossesTurn 2 - ADS
21.9%
Patch & Expansion Names3.1 - As Goes Light, So Goes Darkness
21.7%
Alexander BossesFloor 3 - Living Liquid
21.4%
Coil BossesTurn 8 - The Avatar
20.9%
Patch & Expansion Names2.3 - Defenders of Eorzea
20.9%
Light Party Dungeons (Lv. 60)Sohm Al (Hard)
20.8%
Light Party Dungeons (Lv. 60)Baelsar's Wall
20.8%
Alexander BossesFloor 8 - Brute Justice
20.4%
Patch & Expansion Names3.2 - The Gears of Change
20.4%
Alexander BossesFloor 1 - Oppressor & Oppressor 0.5
20%
Types of TomestoneEncrypted Tomestone
18.8%
Alexander BossesFloor 4 - The Manipulator
18.7%
Patch & Expansion Names2.2 - Through the Maelstrom
18.6%
Coil BossesTurn 1 - Caduceus
17.9%
Patch & Expansion Names3.5 - The Far Edge of Fate
17%
Types of TomestoneUnidentified Allagan Tomestone
16.3%
Coil BossesTurn 10 - Imdugud
14.6%
Alexander BossesFloor 11 - Cruise Chaser
13.9%
Patch & Expansion Names3.4 - Soul Surrender
12.2%
Coil BossesTurn 11 - Kaliya
11.7%
Alexander BossesFloor 6 - Vortexer
10.2%
Patch & Expansion Names3.3 - Revenge of the Horde
10.2%
Alexander BossesFloor 6 - Swindler
8.8%
Alexander BossesFloor 6 - Brawler
8.8%
Alexander BossesFloor 6 - Blaster
8.1%
Alexander BossesFloor 7 - Quickthinx Allthoughts
7.4%
Beastmen RacesGigants
6.7%
Types of TomestoneMicro Tomestone
5%
Alexander BossesFloor 5 - Ratfinx Twinkledinks
4.2%
Alexander BossesFloor 8 - Onslaughter
3.9%
Alexander BossesFloor 9 - Refurbisher 0
3.3%
Types of TomestoneHigh-capacity Tomestone
1%
Alexander BossesFloor 10 - Lamebrix Strikebocks
1%

You're not logged in!

Compare scores with friends on all Sporcle quizzes.
OR
Log In

Sporcle TV

Today on Sporcle TV


Watch our educational content, quiz creation guides, and fun videos on Sporcle TV.

Show Comments

Extras

Top Quizzes Today


Score Distribution

Your Account Isn't Verified!

In order to create a playlist on Sporcle, you need to verify the email address you used during registration. Go to your Sporcle Settings to finish the process.

Report this User

Report this user for behavior that violates our Community Guidelines.

Details: